[Event "Doeberl Cup 39th"]
[Site "Canberra"]
[Date "2001.04.15"]
[Round "6.15"]
[White "Guthrie, Aaron"]
[Black "Jovanovic, Peter"]
[Result "1/2-1/2"]
[WhiteElo "1806"]
[BlackElo "1873"]
[PlyCount "92"]
[EventDate "2001.04.13"]
[EventType "swiss"]
[EventRounds "7"]
[EventCountry "AUS"]
[SourceTitle "CBM 082 Extra"]
[Source "ChessBase"]
[SourceDate "2001.07.03"]
[SourceVersion "1"]
[SourceVersionDate "2001.07.03"]
[SourceQuality "1"]

1. e4 e6 2. d4 d5 3. Nd2 Nc6 4. c3 Nf6 5. e5 Nd7 6. Bd3 a5 7. Nh3 b6 8. Qe2 Bb7 9. 0-0 Qc8 10. f4 g6 11. Nf3 Ba6 12. Nfg5 Bxd3 13. Qxd3 Qa6 14. Qc2 Ne7 15. g4 h6 16. Nf3 h5 17. g5 Nf5 18. Nf2 c5 19. Bd2 Rc8 20. Qb1 Be7 21. b4 axb4 22. cxb4 c4 23. b5 Qa3 24. Nd1 0-0 25. Bc1 Qa5 26. a4 c3 27. Qc2 Rc4 28. Ne3 Nxd4 29. Qd3 Nxf3+ 30. Rxf3 Bc5 31. Kg2 Rd4 32. Qc2 Ra8 33. Nd1 Rxa4 34. Rxa4 Qxa4 35. Qxa4 Rxa4 36. Nxc3 Rc4 37. Rd3 Bb4 38. Ne2 Rc2 39. Kf3 Nc5 40. Rd1 Ne4 41. Be3 Rxe2 42. Kxe2 Nc3+ 43. Kd2 Nxd1+ 44. Kxd1 Ba5 45. Bd2 Bxd2 46. Kxd2 Kf8 1/2-1/2